MARC details
| 000 -LEADER |
| fixed length control field |
02596cam a2200421 a 4500 |
| 001 - CONTROL NUMBER |
| control field |
6876235 |
| 003 - CONTROL NUMBER IDENTIFIER |
| control field |
ARRUPE |
| 005 - DATE AND TIME OF LATEST TRANSACTION |
| control field |
20141113133523.0 |
| 008 - FIXED-LENGTH DATA ELEMENTS--GENERAL INFORMATION |
| fixed length control field |
080117r20082007mnu b 000 0 eng |
| 010 ## - LIBRARY OF CONGRESS CONTROL NUMBER |
| LC control number |
2008002225 |
| 020 ## - INTERNATIONAL STANDARD BOOK NUMBER |
| International Standard Book Number |
9780814618653 |
| 020 ## - INTERNATIONAL STANDARD BOOK NUMBER |
| International Standard Book Number |
0814618650 |
| 020 ## - INTERNATIONAL STANDARD BOOK NUMBER |
| International Standard Book Number |
9781920721473 |
| 020 ## - INTERNATIONAL STANDARD BOOK NUMBER |
| International Standard Book Number |
1920721479 |
| 024 ## - OTHER STANDARD IDENTIFIER |
| Standard number or code |
99821361417 |
| 035 ## - SYSTEM CONTROL NUMBER |
| System control number |
(OCoLC)ocn191024083 |
| 035 ## - SYSTEM CONTROL NUMBER |
| System control number |
(OCoLC)191024083 |
| 035 ## - SYSTEM CONTROL NUMBER |
| System control number |
(NNC)6876235 |
| 040 ## - CATALOGING SOURCE |
| Original cataloging agency |
DLC |
| Transcribing agency |
DLC |
| Modifying agency |
YDXCP |
| -- |
BTCTA |
| -- |
BAKER |
| -- |
C#P |
| -- |
BWK |
| -- |
OrLoB-B |
| 050 00 - LIBRARY OF CONGRESS CALL NUMBER |
| Classification number |
BX1912.9 |
| Item number |
.R59 2008 |
| 082 00 - DEWEY DECIMAL CLASSIFICATION NUMBER |
| Classification number |
261.8/3272088282 |
| Edition number |
22 |
| 300 ## - PHYSICAL DESCRIPTION |
| Dimensions |
23 cm. |
| 100 1# - MAIN ENTRY--PERSONAL NAME |
| Personal name |
Robinson, Geoffrey, |
| Dates associated with a name |
1937- |
| 9 (RLIN) |
12618 |
| 245 10 - TITLE STATEMENT |
| Title |
Confronting power and sex in the Catholic Church : |
| Remainder of title |
reclaiming the spirit of Jesus / |
| Statement of responsibility, etc |
Geoffrey Robinson ; foreword by Donald Cozzens. |
| 260 ## - PUBLICATION, DISTRIBUTION, ETC. (IMPRINT) |
| Place of publication, distribution, etc |
Collegeville, Minn. : |
| Name of publisher, distributor, etc |
Liturgical Press, |
| Date of publication, distribution, etc |
c2008. |
| 300 ## - PHYSICAL DESCRIPTION |
| Extent |
307 p. ; |
| 500 ## - GENERAL NOTE |
| General note |
"First published in Australia in 2007 by John Garratt Publishing"--T.p. verso. |
| 504 ## - BIBLIOGRAPHY, ETC. NOTE |
| Bibliography, etc |
Includes bibliographical references. |
| 505 00 - FORMATTED CONTENTS NOTE |
| Miscellaneous information |
1. |
| Title |
Healthy people in a healthy relationship with a healthy God -- |
| Miscellaneous information |
2. |
| Title |
The two books of god -- |
| Miscellaneous information |
3. |
| Title |
Spiritual discernment -- |
| Miscellaneous information |
4. |
| Title |
An eternal plan, a sharing of life and the reign of God -- |
| Miscellaneous information |
5. |
| Title |
'Like his brothers and sisters in every respect' -- |
| Miscellaneous information |
6. |
| Title |
In service of God's people -- |
| Miscellaneous information |
7. |
| Title |
The authority of 'the Church' -- |
| Miscellaneous information |
8. |
| Title |
Free and responsible -- |
| Miscellaneous information |
9. |
| Title |
A turbulence in a whirlpool -- |
| Miscellaneous information |
10. |
| Title |
The return to an original sexual ethic -- |
| Miscellaneous information |
11. |
| Title |
A dark grace, a severe mercy -- |
| Miscellaneous information |
12. |
| Title |
The prison of the past -- |
| Miscellaneous information |
13. |
| Title |
A government in which all participate -- |
| Miscellaneous information |
14. |
| Title |
A change of heart and mind. |
| 520 1# - SUMMARY, ETC. |
| Summary, etc |
"Drawing on his own experience in responding to abuse, Bishop Geoffrey Robinson in this work methodically offers a critique of the church's use and misuse of power, from the pope proclaiming infallibly down to the preacher claiming a divine authority for every word spoken from the pulpit." "Going back to the Bible and, above all, to the teaching of Jesus, he presents an approach to sexual morality that is profound, compassionate, and people-centered. He stresses the priority of the hierarchy of holiness over the hierarchy of power."--BOOK JACKET. |
| 610 20 - SUBJECT ADDED ENTRY--CORPORATE NAME |
| Corporate name or jurisdiction name as entry element |
Catholic Church |
| General subdivision |
Clergy |
| -- |
Sexual behavior. |
| 9 (RLIN) |
4109 |
| 610 20 - SUBJECT ADDED ENTRY--CORPORATE NAME |
| Corporate name or jurisdiction name as entry element |
Catholic Church |
| General subdivision |
Doctrines. |
| 9 (RLIN) |
12619 |
| 650 #0 - SUBJECT ADDED ENTRY--TOPICAL TERM |
| Topical term or geographic name as entry element |
Child sexual abuse by clergy. |
| 9 (RLIN) |
12620 |
| 650 #0 - SUBJECT ADDED ENTRY--TOPICAL TERM |
| Topical term or geographic name as entry element |
Sex |
| General subdivision |
Religious aspects |
| -- |
Catholic Church. |
| 9 (RLIN) |
8686 |
| 650 #0 - SUBJECT ADDED ENTRY--TOPICAL TERM |
| Topical term or geographic name as entry element |
Church renewal |
| General subdivision |
Catholic Church. |
| 9 (RLIN) |
12621 |
| 900 ## - EQUIVALENCE OR CROSS-REFERENCE-PERSONAL NAME [LOCAL, CANADA] |
| Numeration |
TOC |
| 942 ## - ADDED ENTRY ELEMENTS (KOHA) |
| Source of classification or shelving scheme |
Library of Congress Classification |
| Koha item type |
Monograph ( Printed materials) |
| 948 1# - LOCAL PROCESSING INFORMATION (OCLC); SERIES PART DESIGNATOR (RLIN) |
| Series part designator, SPT (RLIN) |
20080918 |
| b (OCLC) |
c |
| c (OCLC) |
sl13 |
| d (OCLC) |
MPS |